00459nam a2200181 a 4500001001300000003000900013005001700022008004100039020001000080082001600090100002300106245002200129260003900151300000900190500003500199650002000234700002300254nice12345678IN_TiNIC20260116012130.0080314s0000 luca grp 000 0 urd  ac10000a297.2bALI6 aAli Mirza, Bahadur aChiragh-E-hidayat aLucknowbSarfraz Qaumi Pressc0000 a144p aincludes index and biblioraphy aIslam-Doctrines1 aAli Mirza, Bahadur